| 000 | 00673nam a22002177a 4500 | ||
|---|---|---|---|
| 001 | 86032 | ||
| 003 | BD-RjUL | ||
| 005 | 20251204095541.0 | ||
| 008 | 251204s1964 us ||||| i||| 00| 0 eng d | ||
| 035 | _a(BD-RjUL)86032 | ||
| 040 |
_aBD-RjUL _beng _cBD-RjUL _dDLC _eDLC |
||
| 041 | _aeng | ||
| 082 |
_223 _a423 _bFOC 1964 |
||
| 245 |
_aThe Oxford Dictionary of English, _cEdited by H. W. Fowler and F. G. Fowler, |
||
| 260 |
_aLondon _bOxford at the Clarendon Press _c1964 |
||
| 300 |
_a1532 page, _c10 cm. |
||
| 505 | _aFormatted note, | ||
| 650 |
_aOxford Dictionary _vEnglish, _917470 |
||
| 700 |
_aFowler, F. G. Fowler H. W. and Edited by _917471 |
||
| 942 |
_2ddc _cBK |
||
| 999 |
_c86032 _d86032 |
||